|
|
|
|
| LEADER |
02252nas a22004212a 4500 |
| 001 |
000312943 |
| 003 |
CZ BrMZK |
| 005 |
20121105111228.0 |
| 007 |
ta |
| 008 |
010907c19929999xr ar pf 0cze d |
| 015 |
|
|
|a cnb000166848
|z cnb000321249
|z cnb001176556
|
| 035 |
|
|
|a (OCoLC)85013870
|
| 040 |
|
|
|a BOA001
|b cze
|
| 080 |
|
|
|a 016(437.262)
|2 MRF
|
| 245 |
0 |
0 |
|a Město Ostrava v roce ... :
|b soupis publikací a článků
|
| 260 |
|
|
|a Olomouc :
|b Státní vědecká knihovna,
|c 1992-^^^^^
|
| 300 |
|
|
|a ^^^sv. ;
|c 29 cm
|
| 310 |
|
|
|a 1× ročně
|
| 490 |
1 |
|
|a Publikace Státní vědecké knihovny v Olomouci
|
| 500 |
|
|
|a Jednotlivé svazky mají svá čísla ISBN
|
| 653 |
0 |
|
|a Ostrava (Česko)
|
| 710 |
2 |
|
|a Státní vědecká knihovna (Olomouc, Česko)
|7 kn20010709331
|
| 780 |
0 |
0 |
|t Severomoravský kraj v roce ...
|
| 780 |
0 |
1 |
|t Severomoravský kraj a město Ostrava
|
| 810 |
2 |
|
|a Státní vědecká knihovna v Olomouci.
|t Publikace
|
| 910 |
|
|
|a BOA001
|b 4-0982.890
|r 1991-
|
| 964 |
|
|
|a Ostrava
|x bibliografie
|
| 990 |
|
|
|a SE
|
| 996 |
6 |
|
|b 2610003672
|c 4-0982.890
|d 1992
|y 1992
|l MZK
|r Sklad / do 1 hodiny
|n 2
|w 000312943
|u 000020
|a 1
|e BOA001
|j MZK50
|s P
|
| 996 |
6 |
|
|b 2610016559
|c 4-0982.890
|d 1993
|y 1993
|l MZK
|r Sklad / do 1 hodiny
|n 1
|w 000312943
|u 000030
|a 1
|e BOA001
|j MZK50
|s P
|
| 996 |
6 |
|
|b 2610026795
|c 4-0982.890
|d 1994
|y 1994
|l MZK
|r Sklad / do 1 hodiny
|n 2
|w 000312943
|u 000040
|a 1
|e BOA001
|j MZK50
|s P
|
| 996 |
6 |
|
|b 2610044275
|c 4-0982.890
|d 1995
|y 1995
|l MZK
|r Sklad / do 1 hodiny
|n 2
|w 000312943
|u 000050
|a 1
|e BOA001
|j MZK50
|s P
|
| 996 |
6 |
|
|b 2610069304
|c 4-0982.890
|d 1996
|y 1996
|l MZK
|r Sklad / do 1 hodiny
|n 0
|p p.v.
|w 000312943
|u 000060
|a 1
|e BOA001
|j MZK50
|s P
|
| 996 |
6 |
|
|b 2610095389
|c 4-0982.890
|d 1997
|y 1997
|l MZK
|r Sklad / do 1 hodiny
|n 0
|p p.v.
|w 000312943
|u 000070
|a 1
|e BOA001
|j MZK50
|s P
|
| 996 |
6 |
|
|b 2610106369
|c 4-0982.890
|d 1998
|y 1998
|l MZK
|r Sklad / do 1 hodiny
|n 0
|p p.v.
|w 000312943
|u 000080
|a 1
|e BOA001
|j MZK50
|s P
|
| 996 |
6 |
|
|b 2610132293
|c 4-0982.890
|d 1999
|y 1999
|l MZK
|r Sklad / do 1 hodiny
|n 0
|p p.v.
|w 000312943
|u 000090
|a 1
|e BOA001
|j MZK50
|s P
|
| 996 |
6 |
|
|b 2610164779
|c 4-0982.890
|d 2000
|y 2000
|l MZK
|r Sklad / do 1 hodiny
|n 0
|p p.v.
|w 000312943
|u 000100
|a 1
|e BOA001
|j MZK50
|s P
|
| 996 |
6 |
|
|b 2619858276
|c 4-0982.890
|d 1991
|y 1991
|l MZK
|r Sklad / do 1 hodiny
|n 1
|w 000312943
|u 000010
|a 1
|e BOA001
|j MZK50
|s P
|